<?xml version="1.0" encoding="UTF-8"?><?xml-stylesheet type="text/xsl" href="static/style.xsl"?><OAI-PMH xmlns="http://www.openarchives.org/OAI/2.0/" xmlns:xsi="http://www.w3.org/2001/XMLSchema-instance" xsi:schemaLocation="http://www.openarchives.org/OAI/2.0/ http://www.openarchives.org/OAI/2.0/OAI-PMH.xsd"><responseDate>2026-04-26T21:57:00Z</responseDate><request verb="GetRecord" identifier="oai:uvadoc.uva.es:10324/695" metadataPrefix="marc">https://uvadoc.uva.es/oai/request</request><GetRecord><record><header><identifier>oai:uvadoc.uva.es:10324/695</identifier><datestamp>2025-02-13T12:21:34Z</datestamp><setSpec>com_10324_30605</setSpec><setSpec>com_10324_894</setSpec><setSpec>col_10324_41</setSpec></header><metadata><record xmlns="http://www.loc.gov/MARC21/slim" xmlns:doc="http://www.lyncode.com/xoai" xmlns:xsi="http://www.w3.org/2001/XMLSchema-instance" xmlns:dcterms="http://purl.org/dc/terms/" xsi:schemaLocation="http://www.loc.gov/MARC21/slim http://www.loc.gov/standards/marcxml/schema/MARC21slim.xsd">
<leader>00925njm 22002777a 4500</leader>
<datafield tag="042" ind1=" " ind2=" ">
<subfield code="a">dc</subfield>
</datafield>
<datafield tag="720" ind1=" " ind2=" ">
<subfield code="a">Robles Paramio, María Paz</subfield>
<subfield code="e">author</subfield>
</datafield>
<datafield tag="260" ind1=" " ind2=" ">
<subfield code="c">2010</subfield>
</datafield>
<datafield tag="520" ind1=" " ind2=" ">
<subfield code="a">Este trabajo de investigación, plantea el estudio de un Centro público sin ánimo de lucro a través de la documentación localizada sobre el mismo y la legislación aplicable en cada momento. Para ello, esta investigación se divide en cinco capítulos agrupados en dos partes, combinando la perspectiva histórica y el análisis empírico del Colegio Mayor Santa Cruz: - La primera parte, formada por dos capítulos, comienza recordando las características de los Colegios Mayores clásicos y la Residencia de Estudiantes, para después centrarse en los Colegios Mayores del siglo XX, mostrando su evolución a partir de una revisión bibliográfica y legislativa, que permite una exposición contextual sobre su función formativa, su organización, su gestión económico-contable dentro del marco de la contabilidad pública y su control externo por parte del Ministerio de Educación y la Universidad. - La segunda parte, compuesta por tres capítulos, se dedica a Santa Cruz y se basa en los documentos localizados en los archivos. Para ello comienza relatando los avatares de su restauración y la aplicación de la normativa en la redacción de sus Estatutos. Para a continuación describir su sistema contable, explicar su contenido y analizar sus magnitudes, mediante la elaboración de hojas de cálculo, con el fin de confeccionar series útiles para el análisis histórico-económico y facilitar el estudio de sus variaciones y motivos.</subfield>
</datafield>
<datafield tag="024" ind2=" " ind1="8">
<subfield code="a">http://uvadoc.uva.es/handle/10324/695</subfield>
</datafield>
<datafield tag="024" ind2=" " ind1="8">
<subfield code="a">b1583900</subfield>
</datafield>
<datafield tag="024" ind2=" " ind1="8">
<subfield code="a">10.35376/10324/695</subfield>
</datafield>
<datafield ind1=" " ind2=" " tag="653">
<subfield code="a">Colegio Mayor "Santa Cruz" (Valladolid) - Gestión</subfield>
</datafield>
<datafield tag="245" ind1="0" ind2="0">
<subfield code="a">Organización, gestión económico-contable y administración de los Colegios Mayores: El caso del Colegio Mayor Santa Cruz en Valladolid (1942-1982)</subfield>
</datafield>
</record></metadata></record></GetRecord></OAI-PMH>